书目信息 |
| 题名: |
精密量具的使用和保养
|
|
| 作者: | 宋学濂 编著 | |
| 分册: | ||
| 出版信息: | 北京 机械工业出版社 1973 |
|
| 页数: | 70页 | |
| 开本: | 20cm | |
| 丛书名: | ||
| 单 册: | ||
| 中图分类: | TH707 | |
| 科图分类: | ||
| 主题词: | 仪器 , 仪表 , 仪表装置 | |
| 电子资源: | ||
| ISBN: | ||
| 000 | 00703nam0 2200265 450 | |
| 001 | 0540162403 | |
| 005 | 20060517101123.93 | |
| 010 | @dCNY0.18 | |
| 091 | @a15033.1103 | |
| 100 | @a20051110d1973 km y0chiy0120 ea | |
| 101 | 0 | @achi |
| 102 | @aCN@b110000 | |
| 102 | @aCN@b110000 | |
| 200 | 1 | @a精密量具的使用和保养@Ajing mi liang ju de shi yong he bao yang@f宋学濂编著@Fsong xue lian bian zhu |
| 205 | @a修订4版 | |
| 210 | @a北京@c机械工业出版社@d1973 | |
| 215 | 1 | @a70页@d20cm |
| 300 | @a机械工人学习材料 | |
| 606 | 0 | @a仪器 |
| 606 | 0 | @a仪表 |
| 606 | 0 | @a仪表装置 |
| 690 | @aTH707@v4 | |
| 701 | 0 | @a宋学濂@Asong xue lian@4编著 |
| 801 | 0 | @aCN@bPFT@c20060517 |
| 905 | @a10447@dTH707@e1=4 | |
| 精密量具的使用和保养/宋学濂编著.-修订4版.-北京:机械工业出版社,1973 |
| 70页;20cm |
| 机械工人学习材料 |
| ISBN :CNY0.18 |
| ● |
| 相关链接 |
|
|
|
|
正题名:精密量具的使用和保养
索取号:TH707/1=4
 
预约/预借
| 序号 | 登录号 | 条形码 | 馆藏地/架位号 | 状态 | 备注 |
| 1 | 0017690 | 202188809 | 密集书库/ [索取号:TH707/1=4] | 在馆 | |
| 2 | 0017691 | 202355735 | 密集书库/ [索取号:TH707/1=4] | 在馆 | |
| 3 | 0017692 | 202319482 | 密集书库/ [索取号:TH707/1=4] | 在馆 | |
| 4 | 0017693 | 202137632 | 密集书库/ [索取号:TH707/1=4] | 在馆 | |
| 5 | 0017695 | 202137678 | 密集书库/ [索取号:TH707/1=4] | 在馆 | |
| 6 | 0017696 | 202137712 | 密集书库/ [索取号:TH707/1=4] | 在馆 | |
| 7 | 0017697 | 202188765 | 密集书库/ [索取号:TH707/1=4] | 在馆 | |
| 8 | 0017698 | 202188881 | 密集书库/ [索取号:TH707/1=4] | 在馆 | |
| 9 | 0017699 | 202188845 | 密集书库/ [索取号:TH707/1=4] | 在馆 |